| 000 | 00664nam a22001937a 4500 | ||
|---|---|---|---|
| 005 | 2010081401351.0 | ||
| 010 | _aENG-100656 | ||
| 020 |
_a9788190775403 _c110.00 |
||
| 035 | _aEN-84189 | ||
| 037 | _bDBAD/PUB | ||
| 082 | _a230.1 | ||
| 100 |
_aDanya, S. _914097 |
||
| 245 |
_aThe use of myth in Githa hariharan's the thousand faces of night / _cby S. Danya |
||
| 260 |
_aEroad _bMithila Publications _c2007 |
||
| 270 |
_bEroad _e638001 |
||
| 300 |
_a123p. _c21cm (pbk) |
||
| 942 |
_2ddc _cEN _h230.1 _mDAN |
||
| 999 |
_c42193 _d42193 |
||